[Event "Let's Play 901"]
[Site "http://www.queenalice.com/game.php?id=1869478"]
[Date "2026.2.21"]
[Round "-"]
[White "Ticovi"]
[Black "digger"]
[Result "1-0"]
[WhiteElo "1683"]
[BlackElo "1631"]

1. e4 e5 2. Nf3 Qf6 3. Bc4 Nh6 4. h3 Nc6 5. d3 d6 6. Nc3 Be6 7. Bxe6 Qxe6 8. Nd5
O-O-O 9. Bd2 f5 10. Ng5 Qd7 11. c3 f4 12. g3 fxg3 13. fxg3 Be7 14. Nxe7+ Qxe7
15. Nf3 Nf7 16. Qe2 h6 17. h4 h5 18. Ng5 Nxg5 19. Bxg5 Qf7 20. Bxd8 Kxd8 21. Rf1
Qg6 22. Rf3 Qg4 23. O-O-O Re8 24. Rdf1 a6 25. Qf2 Qd7 26. Rf7 Qe6 27. b3 b5 28.
Rxg7 Qh6+ 29. Rg5 Kc8 30. Qf7 Kd8 31. Kb2 a5 32. Rf6 Re7 33. Qxe7+ Kxe7 34. Rxh6
Kf7 35. Rh7+ Kf8 36. Rxc7 Ne7 37. Rxh5 Ng6 38. Rhh7 Kg8 39. Rhg7+ Kf8 40. Rxg6
b4 41. Rxd6 Ke8 42. Rh6 Kd8 43. Rg7 a4 44. Rh8# 1-0